00362pab a2200133 454500008004000000100001600040245005000056260000900106300001300115362001200128650003900140650002600179773002300205180718b2000 xxu||||| |||| 00| 0 eng d aVohra, N.N. aCooperating for good governance in South Asia c2000 ap.169-73 aJul-Dec aPublic administration - South Asia aPublic administration aSouth Asian Survey